Best Countries by Category- Tile Select #1 - Statistics

General Stats
  • This quiz has been taken 6 times
  • The average score is 29 of 45
Answer Stats
Question Tile Select % Correct
countries that have a GDP per capita over $25,000 Azerbaijan No
100%
countries that have a GDP per capita over $25,000 Estonia Yes
100%
countries that have a GDP per capita over $25,000 Liechtenstein Yes
100%
countries that have a GDP per capita over $25,000 Moldova No
100%
countries with an HDI above 0.900 Nicaragua No
100%
countries with an HDI above 0.900 Philippines No
100%
countries with an HDI above 0.900 Spain Yes
100%
countries with an HDI above 0.900 Turkmenistan No
100%
countries with a literacy rate above 90% Angola No
83%
countries with a Quality of Life index above 170 Austria Yes
83%
countries with an HDI above 0.900 China No
83%
countries with a Quality of Life index above 170 Colombia No
83%
countries with a Quality of Life index above 170 Czechia Yes
83%
countries with a Quality of Life index above 170 Guinea No
83%
countries with an internet penetration rate above 90% Libya No
83%
countries with a literacy rate above 90% Nepal No
83%
countries that have a GDP per capita over $25,000 Palau No
83%
countries with a Quality of Life index above 170 Romania No
83%
countries that have a GDP per capita over $25,000 Saudi Arabia Yes
83%
countries with an HDI above 0.900 Slovenia Yes
83%
countries with an internet penetration rate above 90% South Korea Yes
83%
countries with an internet penetration rate above 90% Switzerland Yes
83%
countries with a literacy rate above 90% Belarus Yes
67%
countries with a literacy rate above 90% India No
67%
countries with an internet penetration rate above 90% Ireland Yes
67%
countries that have a GDP per capita over $25,000 Panama No
67%
countries with an internet penetration rate above 90% Russia No
67%
countries with an HDI above 0.900 Taiwan Yes
67%
countries with a Quality of Life index above 170 Thailand No
67%
countries with a literacy rate above 90% Algeria No
50%
countries that have a GDP per capita over $25,000 Cyprus Yes
50%
countries with a literacy rate above 90% Egypt No
50%
countries with a literacy rate above 90% Kazakhstan Yes
50%
countries with a Quality of Life index above 170 Lithuania Yes
50%
countries that have a GDP per capita over $25,000 Oman No
50%
countries with a Quality of Life index above 170 UAE Yes
50%
countries with an HDI above 0.900 Croatia No
33%
countries with an internet penetration rate above 90% Latvia Yes
33%
countries with an HDI above 0.900 Uruguay No
33%
countries with a literacy rate above 90% Vietnam Yes
33%
countries with a literacy rate above 90% Bolivia Yes
17%
countries with an internet penetration rate above 90% France No
0%
countries with an internet penetration rate above 90% Kosovo Yes
0%
countries with an internet penetration rate above 90% Malaysia Yes
0%
countries with a Quality of Life index above 170 Poland No
0%
No matching quizzes found
Score Distribution
Percent of People with Each Score
Percentile by Number Answered
Your Score History
You have not taken this quiz